[Event "ZMDI Open 2014"]
[Site "Dresden GER"]
[Date "2014.08.22"]
[Round "8.34"]
[White "Peredy, Ferenc"]
[Black "Pererva, Viktor"]
[Result "1/2-1/2"]
[WhiteTitle "IM"]
[WhiteElo "2210"]
[BlackElo "2053"]
[WhiteFideId "705985"]
[BlackFideId "24696463"]
[EventDate "2014.08.15"]

1. e4 e5 2. Nf3 Nc6 3. Bb5 a6 4. Bxc6 dxc6 5. O-O f6 6. d4 exd4 7. Nxd4 c5 8.
Nb3 Qxd1 9. Rxd1 Bd6 10. Be3 b6 11. Nc3 Be6 12. Nd5 O-O-O 13. Nd2 Ne7 14. c4 Kb7
15. Nf1 c6 16. Nxe7 Bxe7 17. b3 Bd6 18. Rd2 Be5 19. Rad1 Kc7 20. f4 Bc3 21. Rxd8
Rxd8 22. Rxd8 Kxd8 23. f5 Bf7 24. g4 Kd7 25. Kf2 Kd6 26. Bf4+ Be5 27. Ke3 Bg8
28. Nd2 b5 29. Bxe5+ Kxe5 30. Nf3+ 1/2-1/2

[Event "ZMDI Open 2014"]
[Site "Dresden GER"]
[Date "2014.08.22"]
[Round "8.35"]
[White "Mokal, Amruta Sunil"]
[Black "Hart, Martin"]
[Result "0-1"]
[WhiteElo "2056"]
[BlackElo "2155"]
[WhiteFideId "5016371"]
[BlackFideId "1005944"]
[EventDate "2014.08.15"]

1. e4 Nf6 2. e5 Nd5 3. d4 d6 4. c4 Nb6 5. f4 dxe5 6. fxe5 Bf5 7. Nc3 e6 8. Be3
Nc6 9. Nf3 Qd7 10. Be2 O-O-O 11. O-O Kb8 12. d5 exd5 13. Bxb6 axb6 14. cxd5 Nb4
15. Bc4 Nc2 16. Nb5 c6 17. Nbd4 Bc5 18. d6 Nxa1 19. Kh1 b5 20. Nxf5 bxc4 21. Ng5
Qe8 22. Qxa1 h6 23. Nxg7 Qxe5 24. Nxf7 Qxg7 25. Nxh8 Qxh8 26. Qc1 Bxd6 27. Qxc4
Qe5 28. Qh4 Bc7 29. b3 Qe2 30. Qe1 Qxe1 31. Rxe1 Rd2 0-1

[Event "ZMDI Open 2014"]
[Site "Dresden GER"]
[Date "2014.08.22"]
[Round "8.36"]
[White "Friedel, Marcus"]
[Black "Hansch, Stephan"]
[Result "1/2-1/2"]
[WhiteElo "2148"]
[BlackElo "2044"]
[WhiteFideId "4688708"]
[BlackFideId "24692514"]
[EventDate "2014.08.15"]

1. e4 c5 2. c3 d5 3. exd5 Qxd5 4. d4 g6 5. Nf3 Bg7 6. Na3 cxd4 7. Bc4 Qe4+ 8.
Be3 Nh6 9. cxd4 O-O 10. O-O Bg4 11. Re1 Bxf3 12. Bxh6 Bxd1 13. Rxe4 Bxh6 14.
Rxd1 e6 15. d5 exd5 16. Bxd5 Nc6 17. Bxc6 bxc6 18. Nc4 Rfd8 19. Red4 Rxd4 20.
Rxd4 Bg7 21. Rd6 c5 22. Kf1 Rb8 23. b3 Rb7 24. Rd8+ Bf8 25. Ne5 Kg7 26. h3 Re7
27. Rd7 Rxd7 28. Nxd7 Bd6 29. Ke2 f5 30. Kd3 g5 31. g4 fxg4 32. hxg4 Kf7 33. Kc4
Ke6 34. Nxc5+ Ke5 35. Nd7+ Ke6 36. Nc5+ Ke5 37. Nd7+ Ke6 1/2-1/2

[Event "ZMDI Open 2014"]
[Site "Dresden GER"]
[Date "2014.08.22"]
[Round "8.37"]
[White "Hamm, Georg"]
[Black "Martin, Julian"]
[Result "0-1"]
[WhiteElo "2139"]
[BlackElo "2052"]
[WhiteFideId "4698460"]
[BlackFideId "12941000"]
[EventDate "2014.08.15"]

1. Nf3 Nf6 2. g3 d5 3. Bg2 c6 4. d3 Bg4 5. h3 Bh5 6. Nbd2 Nbd7 7. O-O e5 8. b3
Bd6 9. e4 Qc7 10. Bb2 Bxf3 11. Qxf3 O-O 12. Qe2 Rfe8 13. Nf3 Rad8 14. Nh4 Nf8
15. Nf5 Ng6 16. Bc1 h6 17. h4 Ne7 18. Qf3 Nxf5 19. Qxf5 Qe7 20. Rd1 Bc5 21. Bd2
dxe4 22. dxe4 Bd4 23. c3 Bb6 24. Qf3 Rd7 25. Be3 Bxe3 26. Qxe3 a6 27. Bh3 Rd6
28. Bf1 Red8 29. Be2 Kf8 30. Kg2 Rxd1 31. Rxd1 Rxd1 32. Bxd1 Qd6 33. Bf3 c5 34.
Kf1 h5 35. Ke2 Ke7 36. Qg5 g6 37. Qe3 b5 38. Ke1 Ke6 39. Be2 Qc6 40. f3 Ke7 41.
Qg5 Ke6 42. Qe3 Qc7 43. Qd3 Qa5 44. Qd2 Ke7 45. Kf2 Nd7 46. Kg2 Qc7 47. Qg5+ Ke8
48. Qd2 Qc6 49. Kf1 Nf8 50. Kf2 Ne6 51. Qd5 Qxd5 52. exd5 Nc7 53. c4 Ke7 54. g4
bxc4 55. bxc4 hxg4 56. fxg4 Ne8 57. Ke3 Nd6 58. Kd3 Kf6 59. Bf3 Kg7 60. g5 Kf8
61. Bg4 Ke7 0-1

[Event "ZMDI Open 2014"]
[Site "Dresden GER"]
[Date "2014.08.22"]
[Round "8.38"]
[White "Herbrig, Alexander"]
[Black "Hahn, Florian"]
[Result "1/2-1/2"]
[WhiteElo "1880"]
[BlackElo "2133"]
[WhiteFideId "12952044"]
[BlackFideId "24659720"]
[EventDate "2014.08.15"]

1. e4 c5 2. Nf3 e6 3. d4 cxd4 4. Nxd4 Nc6 5. Nc3 Qc7 6. Be3 a6 7. Qd2 Nf6 8. f4
b5 9. e5 Ng4 10. Ne4 Nxe3 11. Qxe3 Bb7 12. Bd3 Rc8 13. Nb3 Nb4 14. c3 Nxd3+ 15.
Qxd3 Bxe4 16. Qxe4 d6 17. O-O dxe5 18. Qxe5 Qxe5 19. fxe5 Bc5+ 20. Nxc5 Rxc5 21.
a4 O-O 22. Rfe1 Rd8 23. Re2 h5 24. axb5 axb5 25. Kf2 Rdd5 26. Rae1 Kh7 27. Kg3
Kg6 28. h3 Rc4 29. Re4 Rdc5 30. Rf4 Rc7 31. Ref1 R4c5 32. Re1 Rd7 33. Re2 Rd3+
34. Rf3 Rxf3+ 35. Kxf3 Kf5 36. g4+ hxg4+ 37. hxg4+ Kg5 38. Re4 Rc4 39. Rd4 f5
40. exf6 gxf6 41. Rd6 e5 42. Rb6 Rf4+ 1/2-1/2

[Event "ZMDI Open 2014"]
[Site "Dresden GER"]
[Date "2014.08.22"]
[Round "8.39"]
[White "Hansch, Torsten"]
[Black "Wilhelm, Till"]
[Result "0-1"]
[WhiteTitle "CM"]
[WhiteElo "2117"]
[BlackElo "2013"]
[WhiteFideId "4622600"]
[BlackFideId "12942391"]
[EventDate "2014.08.15"]

1. d4 Nf6 2. c4 g6 3. Nc3 Bg7 4. Nf3 O-O 5. Bg5 d6 6. e3 c6 7. Qc2 a6 8. a4 a5
9. Be2 Na6 10. Rd1 Qc7 11. O-O e5 12. dxe5 dxe5 13. Nd2 Bf5 14. Nce4 Nxe4 15.
Nxe4 Nc5 16. Bf3 h6 17. Bh4 Bxe4 18. Bxe4 f5 19. Bf3 g5 20. Bg3 f4 21. h4 fxg3
22. hxg5 hxg5 23. Qg6 Qe7 24. fxg3 Rf6 25. Qxg5 e4 0-1

[Event "ZMDI Open 2014"]
[Site "Dresden GER"]
[Date "2014.08.22"]
[Round "8.40"]
[White "ter Steeg, Marcus"]
[Black "Martinsen, Stig K"]
[Result "1/2-1/2"]
[WhiteElo "1977"]
[BlackElo "2105"]
[WhiteFideId "24676799"]
[BlackFideId "1502824"]
[EventDate "2014.08.15"]

1. d4 c5 2. d5 Nf6 3. Nf3 g6 4. c4 b5 5. cxb5 a6 6. b6 Qxb6 7. Nc3 d6 8. a4 Bg7
9. Nd2 O-O 10. e4 Qc7 11. a5 Nbd7 12. Nc4 Rb8 13. Be2 Ne8 14. O-O Qd8 15. Na4
Nc7 16. Nab6 Nb5 17. Rb1 Nf6 18. Nxc8 Qxc8 19. Nb6 Qe8 20. Bd3 Nd7 21. Nc4 Qd8
22. Bd2 Ne5 23. Nxe5 Bxe5 24. Qa4 Qc7 25. Rfc1 Qa7 26. Be3 Bd4 27. Bxd4 Nxd4 28.
b4 Rxb4 29. Rxb4 cxb4 30. Rc4 e5 31. Qxb4 Qe7 32. Qc3 Qg5 33. Rc7 Rb8 34. Rc8+
Rxc8 35. Qxc8+ Kg7 36. Qc3 Qg4 37. h3 Qd1+ 38. Kh2 Ne2 39. Bxe2 Qxe2 40. f3 h5
41. Qb4 1/2-1/2

[Event "ZMDI Open 2014"]
[Site "Dresden GER"]
[Date "2014.08.22"]
[Round "8.41"]
[White "Rudolf, Matthias"]
[Black "Hoffmann, Tim2"]
[Result "1/2-1/2"]
[WhiteElo "2092"]
[BlackElo "1961"]
[WhiteFideId "24609382"]
[BlackFideId "12900338"]
[EventDate "2014.08.15"]

1. e4 c5 2. Nf3 d6 3. d4 cxd4 4. Nxd4 Nf6 5. Nc3 a6 6. Be3 e5 7. Nb3 Be7 8. f3
Be6 9. Qd2 O-O 10. O-O-O a5 11. Bb5 Na6 12. Qe2 Qb8 13. Na4 Bd7 14. Nb6 Bxb5 15.
Qxb5 Nc7 16. Qa4 Ra6 17. c4 Na8 18. Nxa8 Qxa8 19. Kb1 Rc6 20. Qb5 a4 21. Nd2
Rfc8 22. Rc1 Nd7 23. Rhd1 Nc5 24. Nf1 Bd8 25. Qb4 Be7 1/2-1/2

[Event "ZMDI Open 2014"]
[Site "Dresden GER"]
[Date "2014.08.22"]
[Round "8.42"]
[White "Juergens, Klaus"]
[Black "Renger, Niklas"]
[Result "0-1"]
[WhiteElo "2131"]
[BlackElo "1821"]
[WhiteFideId "4631714"]
[BlackFideId "12908096"]
[EventDate "2014.08.15"]

1. c4 Nf6 2. Nc3 c5 3. g3 e6 4. Bg2 Nc6 5. Nf3 d5 6. cxd5 Nxd5 7. O-O Be7 8. d4
Nxc3 9. bxc3 O-O 10. Rb1 Qa5 11. Qb3 Rd8 12. Ba3 c4 0-1

[Event "ZMDI Open 2014"]
[Site "Dresden GER"]
[Date "2014.08.22"]
[Round "8.43"]
[White "Eskandary, Jahja"]
[Black "Bade, Hans-Juergen"]
[Result "0-1"]
[WhiteElo "2116"]
[BlackElo "2028"]
[WhiteFideId "4665708"]
[BlackFideId "24662054"]
[EventDate "2014.08.15"]

1. e4 c5 2. Nc3 Nc6 3. Bc4 e6 4. d3 Nf6 5. Bf4 a6 6. e5 Qc7 7. Bg3 Nxe5 8. d4
cxd4 9. Qxd4 Qxc4 10. Qxe5 Bb4 11. Ne2 Qe4 12. Qg5 Bxc3+ 13. bxc3 O-O 14. Bd6
Re8 15. Rc1 b5 16. f3 Qg6 17. Qxg6 hxg6 18. h4 Bb7 19. Kf2 e5 20. Rhd1 Re6 21.
a3 Rc8 22. Bb4 d5 23. Re1 Rce8 24. Rcd1 Nd7 25. Nc1 Rc8 26. Nb3 Ba8 27. Ba5 Nc5
28. Nxc5 Rxc5 29. Re2 Rc4 30. g3 f6 31. Bb4 Kf7 32. Rdd2 Rb6 33. Rd1 Rb8 34. Kg2
Ke6 35. Kf2 Bc6 36. f4 e4 37. Rd4 Rxd4 38. cxd4 Bd7 39. Re3 Rc8 40. Rc3 Rxc3 41.
Bxc3 Kf5 42. Bd2 Kg4 43. Kg2 Bf5 44. Be3 Kh5 45. c3 Bg4 46. Bd2 Bf3+ 47. Kf2 Kg4
48. Be3 Kf5 49. Ke1 Ke6 50. Kd2 Kd6 51. Kc2 Kc6 52. Kb2 Kb6 53. Bd2 Be2 54. Kb3
Bc4+ 55. Kb2 f5 56. Be3 Ka5 57. Bf2 Ka4 58. Be3 Bf1 59. Bf2 a5 60. Be3 Be2 61.
Bd2 Bd3 62. Be3 b4 63. axb4 axb4 64. cxb4 Kxb4 65. Bd2+ Kc4 66. Be3 Bb1 67. Kxb1
Kd3 68. Bf2 Kd2 69. Kb2 e3 70. Bg1 e2 71. Bf2 e1=Q 72. Bxe1+ Kxe1 73. Kc3 Ke2
74. Kb4 Kd3 75. Kc5 Ke4 76. Kd6 Kxd4 77. Ke6 Ke4 78. Kf7 d4 79. Kxg6 d3 80. Kxg7
d2 81. h5 d1=Q 82. h6 Qg4+ 0-1

[Event "ZMDI Open 2014"]
[Site "Dresden GER"]
[Date "2014.08.22"]
[Round "8.44"]
[White "Rudolf, Thomas"]
[Black "Mager, Denis"]
[Result "0-1"]
[WhiteElo "2080"]
[BlackElo "2152"]
[WhiteFideId "24674559"]
[BlackFideId "24691127"]
[EventDate "2014.08.15"]

1. d4 Nf6 2. Nf3 d6 3. Bf4 g6 4. h3 Bg7 5. e3 O-O 6. Be2 Nbd7 7. O-O Qe8 8. c4
e5 9. Bh2 Ne4 10. Nbd2 Nxd2 11. Qxd2 e4 12. Ne1 f5 13. Rc1 Qe7 14. b4 Nf6 15.
Nc2 Be6 16. d5 Bf7 17. Nd4 Nd7 18. Rfd1 Ne5 19. a4 Kh8 20. a5 Bg8 21. a6 b6 22.
c5 dxc5 23. bxc5 Bxd5 24. cxb6 axb6 25. Nxf5 Rxf5 26. g4 Bb3 27. gxf5 Bxd1 28.
Rxd1 gxf5 29. Qd5 Re8 30. a7 c6 31. Qd6 Qxa7 32. Bxe5 Bxe5 33. Qxc6 Rg8+ 34. Kf1
Qg7 35. Ke1 Bc3+ 0-1

[Event "ZMDI Open 2014"]
[Site "Dresden GER"]
[Date "2014.08.22"]
[Round "8.45"]
[White "Schoenwaelder, Bernd"]
[Black "Nguyen, Huy Dat"]
[Result "1-0"]
[WhiteElo "2101"]
[BlackElo "1909"]
[WhiteFideId "24601322"]
[BlackFideId "12923486"]
[EventDate "2014.08.15"]

1. Nf3 Nf6 2. c4 g6 3. b4 Bg7 4. Bb2 O-O 5. e3 d6 6. Be2 e5 7. d4 e4 8. Nfd2 Re8
9. Nc3 h5 10. h3 Nbd7 11. Qc2 Qe7 12. a4 Nf8 13. a5 Bf5 14. a6 b6 15. d5 N8d7
16. Nb3 Ne5 17. Nd4 Qd7 18. O-O-O c5 19. dxc6 Nxc6 20. Nxc6 Qxc6 21. Nb5 Red8
22. Rd2 Bh8 23. Rhd1 Ne8 24. Nd4 Bxd4 25. Rxd4 Be6 26. b5 Qc5 27. Qc3 Kf8 28.
Rxe4 Qf5 29. Bd3 Rac8 30. Rf4 Qg5 31. h4 Qxg2 32. Be4 Qh2 33. Bb7 Qxf4 34. Qh8+
Ke7 35. exf4 Rxc4+ 36. Kd2 Rxf4 37. Ke3 Rxh4 38. Bc6 Rh3+ 39. f3 Rc8 40. Bxe8
Rxe8 41. Qf6+ Kd7 42. Be5 Kc8 43. Rxd6 Rxf3+ 44. Qxf3 Bd5 45. Rc6+ Kd7 46. Qxd5+
Ke7 47. Qd6# 1-0

[Event "ZMDI Open 2014"]
[Site "Dresden GER"]
[Date "2014.08.22"]
[Round "8.46"]
[White "Mueller, Daniel"]
[Black "De Andres Gonalons, Fernando"]
[Result "0-1"]
[WhiteElo "2087"]
[BlackElo "2013"]
[WhiteFideId "24612960"]
[BlackFideId "2221896"]
[EventDate "2014.08.15"]

1. d4 d5 2. Nf3 e6 3. g3 Nf6 4. Bg2 c5 5. O-O Nc6 6. c4 dxc4 7. Qa4 Bd7 8. Qxc4
b5 9. Qd3 Nb4 10. Qd1 Bc6 11. a3 Na6 12. Nc3 Qb6 13. dxc5 Bxc5 14. b4 Be7 15.
Bb2 O-O 16. e3 Qb7 17. Qe2 Nc7 18. Rfc1 Rac8 19. Rc2 Na8 20. Rac1 a6 21. Ne1
Bxg2 22. Nxg2 Nb6 23. Ne1 Nc4 24. Nf3 Rfd8 25. Nd2 Nxd2 26. Rxd2 Rxd2 27. Qxd2
h5 28. Qe2 h4 29. e4 h3 30. f3 Nd7 31. Nd1 Nb6 32. Rxc8+ Qxc8 33. Ne3 Na4 34.
Kf2 Nxb2 35. Qxb2 Bd8 36. Qd4 Qb8 37. Ke2 Bf6 38. Qd2 Qc7 39. Qc2 Qd7 40. Ng4
Qd4 41. Nxf6+ gxf6 42. Qc1 Kg7 43. Kf1 Qd3+ 44. Kf2 Qb3 45. Qd2 Qxa3 46. g4 Qa1
47. Kg3 Qf1 48. Qf2 Qb1 49. Qd2 Qb3 50. g5 e5 51. gxf6+ Kg6 52. Kh4 Kxf6 53.
Qd6+ Qe6 54. Qxe6+ Kxe6 55. Kxh3 a5 56. bxa5 Kd7 57. Kg4 b4 58. h4 b3 59. a6 Kc7
60. Kf5 b2 61. Kxe5 b1=Q 62. Kf6 Qh1 63. Kxf7 Qxf3+ 64. Kg6 Qxe4+ 65. Kg5 Kd7
66. h5 Ke7 67. Kh6 Kf7 68. a7 Qe3+ 69. Kh7 Qxa7 70. h6 Qb6 0-1

[Event "ZMDI Open 2014"]
[Site "Dresden GER"]
[Date "2014.08.22"]
[Round "8.47"]
[White "Weber, Benedikt"]
[Black "Gungl, Theo"]
[Result "1/2-1/2"]
[WhiteElo "1947"]
[BlackElo "2054"]
[WhiteFideId "12934976"]
[BlackFideId "24695653"]
[EventDate "2014.08.15"]

1. e4 c5 2. Nf3 d6 3. d4 cxd4 4. Nxd4 Nf6 5. Nc3 a6 6. Be2 e6 7. a4 Nc6 8. O-O
Be7 9. Be3 O-O 10. f4 Qc7 11. Bf3 Re8 12. Kh1 Bf8 13. Qd2 Bd7 14. Nb3 b6 15.
Rad1 Rab8 16. g4 Red8 17. g5 Ne8 18. Qg2 Ne7 19. Rd2 Bc6 20. Nd4 Bd7 21. h4 e5
22. Nde2 g6 23. Bg4 Ng7 24. Rfd1 Bc6 25. Bf3 Ne8 26. Bf2 Bg7 27. f5 gxf5 28.
exf5 Bxf3 29. Qxf3 f6 30. Nd5 Nxd5 31. Qxd5+ Qf7 32. Qf3 Qb7 33. Kg2 Kf8 34. Nc3
Qxf3+ 35. Kxf3 b5 36. axb5 axb5 37. Nd5 Kf7 38. Bb6 Rdc8 39. b3 Rc6 40. Ba5 Ra8
41. Bb4 Raa6 42. Ke4 Bf8 43. c3 Ra7 44. gxf6 Raa6 45. Rg2 Nxf6+ 46. Nxf6 Kxf6
47. Rgd2 Be7 48. Rd5 Rcb6 49. R5d2 Kf7 50. Kf3 Kf6 51. Ke4 Kf7 52. Kf3 Kf6 1/2-1/2

[Event "ZMDI Open 2014"]
[Site "Dresden GER"]
[Date "2014.08.22"]
[Round "8.48"]
[White "Otikova, Elina"]
[Black "Kleibaumhueter, Klaus"]
[Result "1-0"]
[WhiteElo "1928"]
[BlackElo "2066"]
[WhiteFideId "11603550"]
[BlackFideId "4626540"]
[EventDate "2014.08.15"]

1. e4 e6 2. d4 d5 3. exd5 exd5 4. Nf3 c5 5. Bb5+ Nc6 6. O-O Bd6 7. dxc5 Bxc5 8.
c4 Ne7 9. Nc3 Be6 10. Ng5 O-O 11. Qh5 h6 12. Nxe6 fxe6 13. Qg4 Rf6 14. cxd5 exd5
15. Bf4 Qb6 16. Qg3 Raf8 17. Bxc6 Qxc6 18. Be5 Rg6 19. Qd3 d4 20. Ne4 Qd5 21.
Rac1 Bb6 22. Qc4 Rc6 23. Qxd5+ Nxd5 24. Nd6 Nb4 25. Rxc6 bxc6 26. Nc4 Nd3 27.
Bd6 Rf6 28. b3 Bc5 29. Bxc5 Nxc5 30. Rd1 Ne6 31. b4 Rf8 32. Ne5 Rc8 33. Kf1 a5
34. Rc1 axb4 35. Rxc6 Re8 36. Nd3 Kf7 37. Nxb4 Ra8 38. Ra6 Rc8 39. Rc6 Ra8 40.
Ra6 Rc8 41. Ra7+ Kf6 42. Nd3 Kf5 43. Ke2 Ke4 44. Kd2 Rc3 45. f3+ Kd5 46. Ra8 Rc4
47. Ra5+ Kd6 48. Ra6+ Kd5 49. Ra7 Kd6 50. Rd7+ Kxd7 51. Ne5+ Kd6 52. Nxc4+ Kd5
53. Nb2 Nf4 54. g3 Ne6 55. h4 g5 56. hxg5 Nxg5 57. Ke2 Kc5 58. f4 Ne4 59. Kf3
Nd2+ 60. Kg4 Nc4 61. Nd3+ Kd5 62. f5 Ke4 63. Nc5+ Kd5 64. Nb3 Ke4 65. f6 d3 66.
Kh5 Ne5 67. Kxh6 Kf5 68. Kg7 Ke6 69. g4 Nf7 70. a4 Nd6 71. g5 1-0

[Event "ZMDI Open 2014"]
[Site "Dresden GER"]
[Date "2014.08.22"]
[Round "8.49"]
[White "Urban, Konstantin"]
[Black "Riegler, Dieter"]
[Result "1/2-1/2"]
[WhiteElo "1931"]
[BlackElo "2085"]
[WhiteFideId "12927511"]
[BlackFideId "4606426"]
[EventDate "2014.08.15"]

1. e4 c5 2. Nf3 d6 3. d4 cxd4 4. Nxd4 Nf6 5. Nc3 Nc6 6. Bg5 e6 7. Qd2 a6 8.
O-O-O Bd7 9. f4 b5 10. Bxf6 gxf6 11. Kb1 Qb6 12. Nxc6 Bxc6 13. Qd3 h5 14. a3 Rb8
15. f5 Be7 16. Ne2 b4 17. Nd4 bxa3 18. b3 Bd7 19. Ka2 e5 20. Ne2 Bb5 21. c4 Bc6
22. Rb1 Qf2 23. Qf3 Qc5 24. Nc3 Kd7 25. Be2 a5 1/2-1/2

[Event "ZMDI Open 2014"]
[Site "Dresden GER"]
[Date "2014.08.22"]
[Round "8.50"]
[White "Herbrig, Thomas"]
[Black "Sponheim, Marko"]
[Result "1/2-1/2"]
[WhiteElo "1953"]
[BlackElo "2118"]
[WhiteFideId "24668583"]
[BlackFideId "24676314"]
[EventDate "2014.08.15"]

1. Nf3 c5 2. b3 Nc6 3. Bb2 d6 4. e4 Nf6 5. d3 e5 6. Be2 g6 7. O-O Bg7 8. Nbd2
O-O 9. c3 Re8 10. Qc2 d5 11. a3 a5 12. Rad1 b6 13. Rfe1 Bb7 14. Bf1 Qc7 15. c4
dxe4 16. dxe4 Nd4 17. Nxd4 exd4 18. Bd3 Re7 19. Bc1 Rae8 20. f3 Nh5 21. Nf1 f5
22. Re2 f4 23. b4 axb4 24. axb4 Be5 25. Bd2 Ra8 26. Rb1 Bc6 27. Be1 Qa7 28. Qd1
g5 29. Reb2 Bc7 30. Qc2 Nf6 31. bxc5 bxc5 32. h3 Nd7 33. Nh2 Ne5 34. Ng4 Nxg4
35. hxg4 Ree8 36. Qe2 Be5 37. Rb6 Re6 38. Qd1 Bc7 39. R6b2 Be5 40. Qe2 Qf7 41.
Rb5 Bd6 42. Rb6 Bc7 43. R6b5 Re5 44. R5b2 h5 45. gxh5 Qxh5 46. g4 Qh6 47. Qf1 1/2-1/2

[Event "ZMDI Open 2014"]
[Site "Dresden GER"]
[Date "2014.08.22"]
[Round "8.51"]
[White "Gehrmann, Ulrich"]
[Black "Gaitzsch, Martin"]
[Result "1/2-1/2"]
[WhiteElo "2052"]
[BlackElo "2058"]
[WhiteFideId "24653659"]
[BlackFideId "24623202"]
[EventDate "2014.08.15"]

1. d4 Nf6 2. c4 e6 3. Nc3 Bb4 4. e3 c5 5. Ne2 O-O 6. a3 cxd4 7. exd4 Be7 8. Nf4
d6 9. Be2 Nbd7 10. O-O a6 11. Be3 Qc7 12. Qd2 b6 13. Bf3 Bb7 14. Bxb7 Qxb7 15.
Qd3 Rfc8 16. Rfc1 Rc7 17. f3 Rac8 18. b3 Nf8 19. a4 N8d7 20. Bd2 Kh8 21. a5 bxa5
22. Na4 Rg8 23. Bxa5 Rcc8 24. Rab1 g5 25. Ne2 Nf8 26. Nac3 Ng6 27. d5 e5 28. Ne4
Nh5 29. g4 Nhf4 30. Nxf4 Nxf4 31. Qe3 f5 32. Ng3 fxg4 33. fxg4 Bf6 34. Bd2 Qd7
35. Nf5 h5 36. h3 hxg4 37. hxg4 Rg7 38. Kf2 Rh7 39. Rh1 Kg8 40. Qf3 e4 41. Qxe4
Re8 42. Rxh7 Kxh7 43. Qh1+ Kg8 44. Bxf4 gxf4 45. Re1 Qa7+ 46. Kf1 Rxe1+ 47. Kxe1
Qc5 48. Kf1 Qa3 49. Qe4 Qa1+ 50. Qe1 Qb2 51. Qe8+ Kh7 52. Qf7+ Kh8 53. Qf8+ Kh7
54. Qf7+ 1/2-1/2

[Event "ZMDI Open 2014"]
[Site "Dresden GER"]
[Date "2014.08.22"]
[Round "8.52"]
[White "Naegele, Hans-Juergen"]
[Black "Jacob, Tobias"]
[Result "1/2-1/2"]
[WhiteElo "1901"]
[BlackElo "1952"]
[WhiteFideId "24655457"]
[BlackFideId "12903221"]
[EventDate "2014.08.15"]

1. g3 d5 2. Bg2 e5 3. d3 Nf6 4. Nd2 c6 5. a3 Bd6 6. c4 O-O 7. cxd5 cxd5 8. Qb3
Bc5 9. Ngf3 Nc6 10. O-O Qe7 11. e4 Be6 12. Ng5 Nd4 13. Qd1 Bg4 14. Ngf3 dxe4 15.
dxe4 Rfd8 16. Re1 Rac8 17. b4 Nc2 18. bxc5 Nxa1 19. Bb2 Bxf3 20. Bxf3 Nb3 21.
Qxb3 Rxd2 22. Qc3 Rcd8 23. Qxe5 Qxe5 24. Bxe5 R8d3 25. Kg2 Nd7 26. Bf4 Rc2 27.
Be2 1/2-1/2

[Event "ZMDI Open 2014"]
[Site "Dresden GER"]
[Date "2014.08.22"]
[Round "8.53"]
[White "Kuechle, Wolfgang"]
[Black "Schwarz, Larissa"]
[Result "1/2-1/2"]
[WhiteElo "2048"]
[BlackElo "1933"]
[WhiteFideId "24628581"]
[BlackFideId "24699004"]
[EventDate "2014.08.15"]

1. c4 Nf6 2. g3 g6 3. Bg2 d5 4. cxd5 Nxd5 5. Nc3 Nxc3 6. bxc3 Bg7 7. Rb1 Nd7 8.
Qc2 Nb6 9. d3 O-O 10. c4 e5 11. h4 c6 12. a4 Qc7 13. Nh3 Re8 14. O-O Bf5 15. Ng5
Nd7 16. Ne4 Nf6 17. Nxf6+ Bxf6 18. Be3 Bg7 19. Rb3 Bc8 20. Rfb1 1/2-1/2

[Event "ZMDI Open 2014"]
[Site "Dresden GER"]
[Date "2014.08.22"]
[Round "8.54"]
[White "Pallas, Sebastian"]
[Black "Nosek, Reinhard"]
[Result "1-0"]
[WhiteElo "2026"]
[BlackElo "1899"]
[WhiteFideId "12905453"]
[BlackFideId "4695739"]
[EventDate "2014.08.15"]

1. e4 c5 2. Nf3 g6 3. d4 Bg7 4. c4 cxd4 5. Nxd4 Qb6 6. Nb5 a6 7. N5c3 e6 8. Be2
Ne7 9. O-O O-O 10. Na3 f5 11. Rb1 Nbc6 12. Bd2 Nd4 13. Nc2 fxe4 14. Nxe4 d5 15.
Nc3 Nxc2 16. Qxc2 d4 17. Ne4 Bd7 18. b4 Qc7 19. Bd3 Rae8 20. a4 Nf5 21. c5 Bc6
22. b5 Bd5 23. Bb4 Qf4 24. c6 Rf7 25. Bd2 Qh4 26. cxb7 Bxb7 27. bxa6 Bd5 28. Bg5
Qh5 29. Bf4 Nh4 30. Bg3 Ref8 31. Rbe1 Qg4 32. Qe2 Nf3+ 33. gxf3 Rxf3 34. Nd2 h5
35. Nxf3 Bxf3 36. Qxe6+ Qxe6 37. Rxe6 g5 38. a7 Kf7 39. Rfe1 Bd5 40. Re7+ Kg8
41. Be5 Bxe5 42. R1xe5 1-0

[Event "ZMDI Open 2014"]
[Site "Dresden GER"]
[Date "2014.08.23"]
[Round "9.1"]
[White "Fodor, Tamas Jr."]
[Black "Berkes, Ferenc"]
[Result "1/2-1/2"]
[WhiteTitle "GM"]
[BlackTitle "GM"]
[WhiteElo "2481"]
[BlackElo "2658"]
[WhiteFideId "723762"]
[BlackFideId "718572"]
[EventDate "2014.08.15"]

1. d4 Nf6 2. c4 e6 3. Nc3 Bb4 4. Qc2 O-O 5. e4 d5 6. e5 Ne4 7. Bd3 c5 8. Ne2
cxd4 9. Nxd4 Nd7 10. Bf4 Ndc5 11. O-O Nxc3 12. bxc3 Nxd3 13. Qxd3 b6 14. cxd5
Qxd5 15. Rfd1 Bb7 16. c4 Qa5 17. f3 Bc5 18. Qe3 Qa4 19. Bg5 Rfc8 1/2-1/2

[Event "ZMDI Open 2014"]
[Site "Dresden GER"]
[Date "2014.08.23"]
[Round "9.2"]
[White "Sagar, Shah"]
[Black "Kravtsiv, Martyn"]
[Result "1/2-1/2"]
[BlackTitle "GM"]
[WhiteElo "2339"]
[BlackElo "2572"]
[WhiteFideId "5022509"]
[BlackFideId "14113147"]
[EventDate "2014.08.15"]

1. d4 Nf6 2. c4 e6 3. Nf3 d5 4. Nc3 Be7 5. Bf4 O-O 6. e3 Nbd7 7. a3 c6 8. Bd3
dxc4 9. Bxc4 b5 10. Bd3 Bb7 11. O-O a6 12. b4 a5 13. Rb1 axb4 1/2-1/2

[Event "ZMDI Open 2014"]
[Site "Dresden GER"]
[Date "2014.08.23"]
[Round "9.3"]
[White "Zakhartsov, Viacheslav V."]
[Black "Maiwald, Jens-Uwe"]
[Result "1-0"]
[WhiteTitle "GM"]
[BlackTitle "GM"]
[WhiteElo "2548"]
[BlackElo "2475"]
[WhiteFideId "4115333"]
[BlackFideId "4612396"]
[EventDate "2014.08.15"]

1. d4 d5 2. c4 dxc4 3. e4 Nf6 4. e5 Nd5 5. Bxc4 Nb6 6. Bd3 Na6 7. Be3 Nb4 8. Be4
f5 9. a3 fxe4 10. axb4 Bf5 11. Nc3 e6 12. b5 Bb4 13. Ne2 Qd7 14. O-O Bxc3 15.
Nxc3 O-O 16. Qb3 Nd5 17. Ra5 b6 18. Ra6 Rfc8 19. Rfa1 c6 20. bxc6 Qxc6 21. Nb5
Qc2 22. Qxc2 Rxc2 23. Rxa7 Rxa7 24. Rxa7 Rxb2 25. Ra8+ Kf7 26. Nd6+ Kg6 27. h3
h5 28. Ra7 Nxe3 29. fxe3 Kh6 30. Nxf5+ exf5 31. e6 Kg6 32. d5 Rd2 33. Rd7 f4 34.
e7 Kf7 35. d6 fxe3 36. Rd8 1-0